| 000 | 01024cab a2200229 4500 | ||
|---|---|---|---|
| 001 | ABS38722 | ||
| 008 | 090401t1988 xxu||||| |||| 00| 0 eng d | ||
| 035 | _a(Sirsi) u12149 | ||
| 041 | _aeng | ||
| 100 | _aBettle, J. | ||
| 245 | _aNoise: the problem of overlapping controls | ||
| 260 | _c1988 | ||
| 300 | _a(See also Abstract ) | ||
| 350 | _a0 | ||
| 490 |
_aJPL _v(1988) 79-83(5) |
||
| 520 | _aWith reference to caselaw, the author identifies the causes of action which exist to combat noise , differentiating between those available to private individuals and those available to local authorities. Then looks at the position when a clash of controls occurs, paying particular attention to the case Lloyds Bank v Guardian Assurance and Another (as yet unreported), which concerned a complaint of noise nuisance created during building works carried out on premises. | ||
| 650 | _aCONTROL OF POLLUTION ACT 1974 | ||
| 650 | _aPOLLUTION | ||
| 690 | _aPLANNING LAW AND PRACTICE | ||
| 942 | _n0 | ||
| 948 | _c04/03/1997 | ||
| 999 |
_c7775 _d7775 |
||